000 00598nam a2200157Ia 4500
005 20240815033950.0
008 240331s9999 xx 000 0 und d
020 _a058608164X
082 _bBAR
_a410
100 _aBarthes,R
245 0 _aMythologies
260 _aLondon
_bPaladin Grafton books
_c1973
300 _a158 p .,
500 _aThe Mythologies, which strikes one at first as being highly poetic and idiosyncratic, later reveals a quasi-technical use of certain terms. This is in part due to an effort to account for the phenomena of mass culture by resorting to new models.
942 _cL
999 _c3008
_d3008